000 00993nam a2200289 4500
001 0000020635
003 CO-CtgCURN
005 20250509152956.0
007 ta
008 160627s2002 000 0 eng d
020 _a8497680006
040 _aCO-CtgCURN
_bspa
_ccoctgcurn
082 0 _a340.54
_bI45i
100 1 _aIglesias, Juan.
245 1 0 _aIter Ivris escritos historicos jurídicos /
_cJuan Iglesias.
260 _aMadrid :
_bMarcial Pons,
_c2002.
300 _a122 p.
336 _2rdacontent
337 _2rdamedia
_asin mediacion
_bn
338 _2rdacarrier
_avolumen
_bnc
504 _aBibliografia ( p. 123 )
505 8 _aDiscurso historico del derecho romano.--El derecho en su historia.--Derecho.--Estudio y enseñanza del derecho romano.--Todo un maestro.--Miniaturas historico juridicas
650 1 4 _aDerecho
_vPolítica.
908 _a160627
942 _cBK
_h340.54
_iI45i
_2ddc
_n0
999 _c18828
_d18828